Bloomberg markets (Record no. 38102)

MARC details
000 -LEADER
fixed length control field 00664nam a2200169Ia 4500
022 ## - INTERNATIONAL STANDARD SERIAL NUMBER
ISSN 15315061
050 ## - CALL MARK
Classification number HF 5001 .B56/
245 #0 - TITLE STATEMENT
Title Bloomberg markets
260 ## - PUBLICATION, DISTRIBUTION, ETC. (IMPRINT)
Place of publication New york
260 ## - PUBLICATION, DISTRIBUTION, ETC. (IMPRINT)
Name of publisher melia
260 ## - PUBLICATION, DISTRIBUTION, ETC. (IMPRINT)
Year of publication 2016
300 ## - PHYSICAL DESCRIPTION
Number of Pages V. 164 p. ill: ; 27 cm.
650 ## - SUBJECT ADDED ENTRY--TOPICAL TERM
Topical Term Investments--Periodicals. Securities--Periodicals. Bonds--Periodicals. Business--Periodicals. Bonds. Business. Investments. Securities. Inversiones--Publicaciones periódicas. Bonos--Publicaciones periódicas. Valores--Publicaciones periódicas. Negocios--Publicaciones Periódicas.
942 ## - ADDED ENTRY ELEMENTS (KOHA)
Koha item type Serials

No items available.